Central Library OPAC University of Rajshahi

Family social welfare : (Record no. 49768)

MARC details
000 -LEADER
fixed length control field 00788nam a2200253 a 4500
001 - CONTROL NUMBER
control field 49768
003 - CONTROL NUMBER IDENTIFIER
rucl marc code BD-RjUL
005 - DATE AND TIME OF LATEST TRANSACTION
control field 20211209054727.0
008 - FIXED-LENGTH DATA ELEMENTS--GENERAL INFORMATION
fixed length control field 160822s1967 nyu b 001 0 eng
020 ## - INTERNATIONAL STANDARD BOOK NUMBER
International Standard Book Number 202360016
035 ## - SYSTEM CONTROL NUMBER
System control number (BD-RjUL)49888
040 ## - CATALOGING SOURCE
Original cataloging agency DLC
Transcribing agency DLC
Modifying agency DLC
Language of cataloging eng
041 ## - LANGUAGE CODE
Language code of text/sound track or separate title eng
082 00 - DEWEY DECIMAL CLASSIFICATION NUMBER
Classification number 362.82
Author mark and year FEF 1979
100 1# - MAIN ENTRY--PERSONAL NAME
Personal name Feldman, Frances Lomas.
9 (RLIN) 149193
245 10 - TITLE STATEMENT
Title Family social welfare :
Remainder of title helping troubled families /
Statement of responsibility, etc. Frances Lomas Feldman and Frances H. Scherz.
260 ## - PUBLICATION, DISTRIBUTION, ETC. (IMPRINT)
Place of publication, distribution, etc. New York :
Name of publisher, distributor, etc. Atherton Press,
Date of publication, distribution, etc. 1967 [Printing 1979]
300 ## - PHYSICAL DESCRIPTION
Pagination xi, 386 p. ;
Size 25 cm.
504 ## - BIBLIOGRAPHY, ETC. NOTE
Bibliography, etc Include Bibliography and index
650 #0 - SUBJECT ADDED ENTRY--TOPICAL TERM
Topical term or geographic name as entry element Family social work.
9 (RLIN) 148573
700 1# - ADDED ENTRY--PERSONAL NAME
Personal name Scherz, Frances H.,
Relator term joint author.
942 ## - ADDED ENTRY ELEMENTS (KOHA)
Source of classification or shelving scheme Dewey Decimal Classification
Koha item type Books
Holdings
Lost status Source of classification or shelving scheme Damaged status Not for loan Collection code Permanent Location Current Location Shelving location Date acquired Total Checkouts Full call number Date last seen Copy number Koha item type Source of acquisition Cost, normal purchase price
  Dewey Decimal Classification     Non-fiction Central Library, University of Rajshahi Central Library, University of Rajshahi   11/09/1989   362.82 FEF 1979 22/08/2016 C-2 Books    
  Dewey Decimal Classification   Not For Loan Non-fiction Central Library, University of Rajshahi Central Library, University of Rajshahi Reading Room 07/08/1971   362.82 FEF 1967 28/12/2016 C-1 Books Zeitlinger 84.00